Harry Potter Top 200 Quiz Stats

 Plays Quiz Updated Feb 2, 2018

Score 0/200 Timer 18:00
516 Plays Today
Mentions Character % Correct
18,956Harry Potter
99.4%
6,464Ron Weasley
98.6%
5,486Hermione Granger
97.5%
2,421Albus Dumbledore
96.6%
771Ginny Weasley
96%
920Fred Weasley
95.9%
821George Weasley
95.8%
1,956Severus Snape
94.7%
722Molly Weasley
94.5%
1,797Voldemort
94.2%
780Arthur Weasley
94%
302Bill Weasley
94%
190James Potter
94%
426Percy Weasley
93.8%
14James Sirius Potter
93.7%
127Lily Potter
93.7%
258Fleur Delacour
93.5%
110Charlie Weasley
93.2%
79Aberforth Dumbledore
93.1%
1,198Draco Malfoy
92.9%
50Ariana Dumbledore
92.6%
1,471Sirius Black
92.4%
2,024Rubeus Hagrid
92.2%
22Kendra Dumbledore
92.1%
249Lucius Malfoy
91.7%
89Narcissa Malfoy
90.5%
810Neville Longbottom
88.3%
27Albus Severus Potter
88%
56Aunt Muriel
87.8%
864Remus Lupin
87.4%
356Luna Lovegood
83%
54Regulus Black
82.5%
467Dudley Dursley
82.5%
469Dobby
82.2%
770Minerva McGonagall
82.1%
314Petunia Dursley
81.7%
530Vernon Dursley
81.7%
89Phineas Nigellus Black
81.5%
15Mrs. Black
81.1%
583Alastor 'Mad-Eye' Moody
80.7%
486Peter Pettigrew
80.4%
220Bellatrix Lestrange
79.4%
228Gregory Goyle
79.4%
353Cedric Diggory
78.6%
242Nymphadora Tonks
78.2%
39Ted Tonks
78%
224Vincent Crabbe
77.7%
215Cho Chang
77.7%
277Viktor Krum
77.5%
18Tom Riddle Sr.
77.1%
73Marge Dursley
76.7%
637Dolores Umbridge
76.5%
12Augusta Longbottom
75.5%
179Seamus Finnigan
74.6%
124Xenophilius Lovegood
73.8%
493Cornelius Fudge
73.5%
204Hedwig
73.1%
140Filius Flitwick
72.8%
212Dean Thomas
72.3%
295Barty Crouch Sr.
71.3%
116Katie Bell
70.9%
36Barty Crouch Jr.
70.8%
262Gilderoy Lockhart
69.9%
133Parvati Patil
69.1%
122Quirinus Quirrell
68.5%
23Padma Patil
68.3%
90Pomona Sprout
67.7%
Mentions Character % Correct
28Rowena Ravenclaw
67.1%
123Nearly Headless Nick
66.7%
76Amos Diggory
66.5%
14Helga Hufflepuff
66.5%
70Salazar Slytherin
66.3%
312Kreacher
66.2%
432Horace Slughorn
65.2%
288Argus Filch
65.1%
208Oliver Wood
65%
262Sybill Trelawney
65%
63Godric Gryffindor
64.9%
15Gabrielle Delacour
64.4%
141Lavender Brown
64.2%
24Tom
60.8%
162Crookshanks
60.7%
106Kingsley Shacklebolt
60.6%
77Colin Creevey
59.6%
135Angelina Johnson
58.3%
117Garrick Ollivander
57.2%
136Buckbeak
57.2%
162Winky
56.4%
24Bloody Baron
55.9%
156Poppy Pomfrey
54.5%
17Dennis Creevey
54.1%
165Igor Karkaroff
53.9%
105Fang
53.8%
188Rita Skeeter
53.8%
49Aragog
53.7%
27Fluffy
53.6%
119Moaning Myrtle
53.2%
68Pansy Parkinson
53.2%
164Peeves
52.9%
59Mrs. Norris
52.1%
30Nagini
51.4%
112Olympe Maxime
50.1%
153Rufus Scrimgeour
50%
68Marvolo Gaunt
49.9%
75Firenze
49.8%
77Bathilda Bagshot
49.5%
109Lee Jordan
49.2%
102Fenrir Greyback
49.1%
32Merope Gaunt
48.9%
147Mundungus Fletcher
48.6%
63Morfin Gaunt
48.6%
53Rolanda Hooch
48.5%
140Griphook
48.3%
246Ludo Bagman
47.8%
23Amycus Carrow
47.7%
16Alecto Carrow
47.6%
72Fat Lady
46.8%
36Norbert
46.4%
60Pigwidgeon
46.4%
92Ernie Macmillan
45.9%
75Grawp
45.9%
58Alicia Spinnet
45.2%
48Cuthbert Binns
45.1%
73Gellert Grindelwald
44.7%
35Amelia Bones
44.3%
48Zacharias Smith
43.7%
85Stan Shunpike
43.5%
26Errol
43.2%
27Hepzibah Smith
42.8%
55Arabella Figg
42.1%
26Hannah Abbott
41.9%
34Ernie Prang
41.9%
50Justin Finch-Fletchley
41.7%
47Blaise Zabini
41.2%
Mentions Character % Correct
30Bane
40.2%
73Cormac McLaggen
39.6%
64Fawkes
39.4%
49Madam Rosmerta
38.7%
56Yaxley
38.5%
57Wilhelmina Grubbly-Plank
37.2%
40Marcus Flint
36%
18Trevor
35.8%
31Nicolas Flamel
34.2%
49Gregorovitch
33.7%
34Antonin Dolohov
33.6%
27Dedalus Diggle
33.4%
19Irma Pince
33.4%
23Reg Cattermole
32%
19Hokey
31.7%
20Pius Thicknesse
31.7%
51Mr. Borgin
31.6%
31Mary Cattermole
31.6%
62Elphias Doge
31.2%
13Avery
31%
13Caractacus Burke
30.7%
18Romilda Vane
30.6%
26Michael Corner
30.5%
48Marietta Edgecombe
30.3%
17Millicent Bulstrode
29.9%
25Madam Malkin
29.4%
16Hestia Jones
29.1%
27Walden Macnair
29%
16Mafalda Hopkirk
28.8%
23Sir Cadogan
27.6%
63Frank Bryce
27.5%
14Terry Boot
27.3%
25Augustus Rookwood
27.1%
23Ronan
27%
16Piers Polkiss
26.5%
42Bertha Jorkins
26.2%
21Armando Dippet
26.2%
41Travers
26.2%
19Albert Runcorn
25.8%
12Troy
25.5%
68Bob Ogden
24.2%
30Roger Davies
23.2%
19Dawlish
23%
20Leanne
22.7%
17Beedle the Bard
22.5%
33Montague
22.2%
18Magorian
21.7%
20Mr. Roberts
21.4%
26Broderick Bode
21%
14Marcus Belby
20.8%
13Professor Tofty
20.3%
16Moran
20.3%
21Mrs. Cole
20.2%
13Jimmy Peakes
20.1%
23Dirk Cresswell
20.1%
23Sturgis Podmore
19.5%
17Scabior
19.5%
13Wilkie Twycross
19%
16Demelza Robins
18.9%
16Aidan Lynch
18.8%
15Bogrod
18.7%
18Griselda Marchbanks
18.3%
22Warrington
17.5%
13Hassan Mostafa
17%
13Karkus
16.8%
13Adrian Pucey
16.5%

You're not logged in!

Compare scores with friends on all Sporcle quizzes.
OR
Log In

Sporcle TV

Is the Sorting Hat a character?


Should the Sorting Hat be an included answer on this quiz? Or is it just a prop? Watch as Thor and Maria debate the points!

You Might Also Like...

Show Comments

Extras

Top Quizzes Today


Score Distribution

Your Account Isn't Verified!

In order to create a playlist on Sporcle, you need to verify the email address you used during registration. Go to your Sporcle Settings to finish the process.

Report this User

Report this user for behavior that violates our Community Guidelines.

Details: